| 000 | 01054nam a2200277 a 4500 | ||
|---|---|---|---|
| 001 | 000008214 | ||
| 005 | 20251119123450.0 | ||
| 008 | 090915s1997 dr a 001 0 spa d | ||
| 020 | _a9768156724 | ||
| 040 |
_aDO-SdBNP _bspa _cBNPHU |
||
| 082 |
_a668.95 _bM798m |
||
| 100 | 1 |
_aMontolío, Adelina _922273 |
|
| 245 | 1 | 0 |
_aManual de plaguicidas agrícolas de la República Dominicana / _cAdelina Montolío. |
| 260 |
_aSanto Domingo : _bUCSD _bCODIA, _c1997. |
||
| 300 |
_a297 p. : _bil., retrs. ; _c21 cm. |
||
| 490 | 1 |
_aHerbicidas _v1 |
|
| 590 | _aInventariado, 2018/ YL | ||
| 500 | _aIncluye datos biográficos de la autora en la contracubierta | ||
| 500 | _aIncluye referencias bibliográficas y notas al pie de las páginas | ||
| 504 | _aBibliografía: p. 285 -289 | ||
| 650 | 4 |
_aPlaguicidas _zRepública Dominicana _922274 |
|
| 710 | 2 | 2 |
_aUniversidad Católica de Santo Domingo _91476 |
| 710 | 2 | 2 |
_aColegio Dominicano de Ingenieros Arquitectos y Agrímensores _922276 |
| 830 | 0 |
_aHerbicidas _n1 _922277 |
|
| 910 | _aValidado. Control de calidad MFF | ||
| 999 |
_c7987 _d7987 |
||